000 00277cam a22000977a 4500
008 180718b-- xxu||||| |||| 00| 0 eng d
082 _aA42x5421
100 _aUttar Pradesh. Legislative Department
245 _aUttar Pradesh acts and ordinannces
260 _aLucknow
_bThe author
_c--
999 _c389961
_d389961